| 000 | 00957cam a2200313 a 4500 | ||
|---|---|---|---|
| 999 |
_c4512 _d4512 |
||
| 001 | 49884420 | ||
| 003 | OCoLC | ||
| 005 | 20181206171701.0 | ||
| 008 | 020731s2002 ohua 000 0 eng d | ||
| 010 | _a2002284869 | ||
| 020 | _a1586604791 | ||
| 020 | _a9781586604790 | ||
| 035 | _a(OCoLC)49884420 | ||
| 040 |
_aNIC _cCOO _dDLC _dBTCTA |
||
| 042 | _alccopycat | ||
| 050 | 0 | 0 |
_aBS635.2 _b.S65 2002 |
| 082 | 0 | 0 |
_a220.6 _221 _bS642E |
| 092 |
_a220.61 _bSm5g |
||
| 100 | 1 | _aSmith, Carol. | |
| 245 | 1 | 0 |
_aGuide to the Bible / _cCarol Smith. |
| 246 | 1 | 8 | _aEveryday guide to the Bible |
| 260 |
_aUrichsville, Ohio : _bHumble Creek, _cc2002. |
||
| 300 |
_a256 p. : _bill. ; _c21 cm. |
||
| 520 | _aA simple introductory guide to the Bible with time lines, definitions, and book-by-book synopses. | ||
| 630 | 0 | 0 |
_aBible _xCriticism, interpretation, etc. |
| 630 | 0 | 0 |
_aBible _vIntroductions. |
| 630 | 0 | 0 |
_aBible _xHistory of Biblical events. |
| 942 |
_2ddc _cBK |
||